南京地铁11号线(规划) - Statistics

General Stats
  • This quiz has been taken 5 times
  • The average score is 11 of 20
Answer Stats
站点名称/换乘线路 Answer % Correct
浦洲路 浦洲路
100%
3号线 柳洲东路
100%
s8宁天线 长江大桥北
100%
柳洲南路
75%
南京铁道学院
75%
七里河
75%
s3宁和线 马骡圩
75%
明滨路
50%
浦东路
50%
新马路
50%
4号线2期(在建) 江北商务区
50%
临滁路
50%
10号线 浦口万汇城
50%
行知路
50%
绿水湾路
50%
广西梗大街
25%
城南河
25%
江淼路
25%
庙东路
25%
西江口
25%
No matching quizzes found
Score Distribution
Percent of People with Each Score
Percentile by Number Answered
Your Score History
You have not taken this quiz